| 000 | 00000nam##2200000za#4500 |
| 001 | 9.615542 |
| 003 | CaOODSP |
| 005 | 20200514165629 |
| 007 | ta |
| 008 | 150406|1999||||xxc||||| f|0| 0 eng|d |
| 020 | |a0-662-30193-5 |
| 040 | |aCaOODSP|beng |
| 043 | |an-cn--- |
| 086 | 1 |aNH18-22/99-104E |
| 110 | 2 |aCanada Mortgage and Housing Corporation. |
| 245 | 10|aHigh-rise apartment repair needs assessment in the former cities of Toronto and York |
| 260 | |aOttawa - Ontario : |bCanada Mortgage and Housing Corporation |c1999. |
| 300 | |a3p. : |bgraphs ; |c28 cm. |
| 490 | 1 |aResearch highlight. Technical series |v99-104 |
| 563 | |aPamphlet |
| 590 | |a01-11|b2001-03-16 |
| 690 | 07|aHome renovations|2gcpds |
| 690 | 07|aCosts|2gcpds |
| 690 | 07|aHousing|2gcpds |
| 775 | 08|tÉvaluation des besoins de réparations des tours d'habitation dans les villes anciennent appelées Toronto et York |w(CaOODSP)9.625602 |
| 776 | 0#|tHigh-rise apartment repair needs assessment in the former cities of Toronto and York |w(CaOODSP)9.572265 |
| 830 | #0|aResearch highlight. Technical series ;|v99-104|w(CaOODSP)9.514826 |
| 986 | |a60975 |